000 00445nam a22001817a 4500
003 OSt
005 20220211135027.0
008 220211b |||||||| |||| 00| 0 eng d
020 _a0130083941
040 _cHU
082 _a624.18341
100 _aNawy G. Edward
_929938
245 _aReinforced Concrete A Fundamental Approach h
250 _a5th ed
260 _aNew Jersey
_bNew Jersey
300 _f821
942 _2ddc
_cBOOKS
_n0
999 _c30040
_d30040